Gaming Quiz

Random Gaming Quiz

LittleBigPlanet Exclusive Costume Pieces Quiz Stats

 Plays Quiz not verified by Sporcle

Also try: Game Battle Medley
Challenge
Share
Tweet
Embed
Score 0/8 Timer 03:00
0 Plays Today
Earned by... Piece % Correct
A special achievement often given in contests.Prize Crown
88.9%
Downloading off the PSN store when LBP was first released and on its first birthday.Spacesuit
55.6%
Take part in an LBP Beta Trial.Beta Vest
33.3%
Go above and beyond in LBP Beta testing.Bug Blaster
33.3%
Purchase from the European PSN store on the first week of LBP.Week One T-Shirt
29.6%
Purchase from PSN store near the release of LBP PSP.Rare Star Shirt
18.5%
Email from Sony to those who purchased the above piece.Rare Star Cap
18.5%
Purchase a specific Qore episode.LittleBigPlanet Cap
11.1%

You're not logged in!

Compare scores with friends on all Sporcle quizzes.
OR
Log In

You Might Also Like...

Show Comments

Extras

Top Quizzes Today


Score Distribution

Your Account Isn't Verified!

In order to create a playlist on Sporcle, you need to verify the email address you used during registration. Go to your Sporcle Settings to finish the process.

Report this User

Report this user for behavior that violates our Community Guidelines.

Details: